| 000 | 00659nam a2200217 a 4500 | ||
|---|---|---|---|
| 001 | 48211 | ||
| 003 | BD-RjUL | ||
| 005 | 20211209054500.0 | ||
| 008 | 160813r19641962enk b 001 0 eng | ||
| 035 | _a(BD-RjUL) 48330 | ||
| 040 |
_aDLC _cDLC _dDLC _dBD-RjUL _beng |
||
| 041 | _aeng | ||
| 082 | 0 | 0 |
_a155 _223 _bBAR 1964 |
| 100 | 1 |
_aBaller, Warren R. _94270 |
|
| 245 | 1 | 0 |
_aReading in the psychology of human growth and development / _cWarren R. Baller, |
| 260 |
_aLondonb : _bHolt, Rinehart and Winston, _cc1962[1964] |
||
| 300 |
_axiv, 689 p. : _bill. ; _c26 cm. |
||
| 500 | _aIncludes index. | ||
| 650 | 0 |
_aDevelopmental psychology. _94264 |
|
| 942 |
_2ddc _cBK |
||
| 999 |
_c48211 _d48211 |
||